000 00518nam a22001817a 4500
005 20221221141625.0
008 221221b ||||| |||| 00| 0 eng d
040 _cAL
041 _aEnglish
082 _223
_a923.4
_bSHER
100 _aShetty (Kadambady Jagannatha)
_967252
245 _aReminiscences
260 _aBangalore
_bJustice Kedambady Jagannatha Shetty
_c2005
300 _a205 p.
_bHB
_c18x12 cm.
650 _aAutobiography
_967253
700 _aSHETTY (Kedambady Jagannatha)
_967254
942 _2ddc
_cDB
999 _c226003
_d226003